000 00204 a2200097 4500
001 47234
100 _aToynbce, A
245 _aWarand Civilization
260 _aLondon
_bOxford
_c
090 _c30282
_d30282
942 _aNUST-CAE
_cM
_c22539
999 _c282307
_d282307